| 000 | 00822nam a2200289 4500 | ||
|---|---|---|---|
| 001 | 22672 | ||
| 003 | UkOxU | ||
| 005 | 20150414124338.0 | ||
| 008 | 910611s1985 enkab 001 0 eng d | ||
| 015 | _aGB 86-26897 | ||
| 020 | _a0199142440 | ||
| 035 | _aCURL 990199142440(Bnb) from mvsc267 | ||
| 040 | _cdlc | ||
| 050 | 0 | _aQD33 | |
| 082 |
_a540 _219 |
||
| 092 | _aD0400887974 | ||
| 100 | 1 | _aFergusson, Jacqueline. | |
| 245 | 1 | 0 |
_aCXC chemistry / _cJacqueline Fergusson, Richard Hart |
| 260 |
_aOxford : _bOxford University Press, _cc1985 |
||
| 300 |
_a509 p : _bill, maps ; _c25 cm |
||
| 504 | _aIncludes index | ||
| 650 | 0 | _aChemistry | |
| 700 | 1 |
_aHart, Richard, _d1944- |
|
| 942 |
_2ddc _cBK |
||
| 999 |
_c2293 _d2293 |
||